000 00865nmm a2200265 a 4500
001 ocm000660906
003 TR-IsHL
005 20201028141717.0
008 131226s2008 tu tur
007 cr cn
020 _a9789944490603
035 _a660906
_b(N$T)
050 0 4 _aTL540
_b.K81 2008
090 0 4 _aTL540
_b.K81 2008
100 1 _aKolko, Mustafa
245 1 0 _aHavada 44 yıl
_h[electronic resource] /
_cMustafa Kolko
260 _aİstanbul :
_bSiyah Beyaz Yayınları,
_c2008
300 _a100 p.
650 4 _aDil ve Edebiyat
650 4 _aLanguage and Literature
650 0 _aSavaş pilotları, Türk
_x Anılar
650 0 _aFighter pilots, Turkey
_x Memories
650 7 _aBIOGRAPHY & AUTOBIOGRAPHY / Personal Memoirs
_2bisacsh
856 4 0 _uhttp://search.ebscohost.com/login.aspx?direct=true&scope=site&db=e011xww&AN=660906
999 _c7961
_d7961